Global differential geometry : the mathematical legacy of Alfred Gray : International Congress on Differential Geometry September 18-23, 2000, Bilbao, Spain

Αποθηκεύτηκε σε:
Λεπτομέρειες βιβλιογραφικής εγγραφής
Συγγραφή απο Οργανισμό/Αρχή: International Congress on Differential Geometry Bilbao, Spain
Άλλοι συγγραφείς: Gray, Alfred, 1939-1998, Fernandez, Marisa, 1953- (Επιμελητής έκδοσης), Wolf, Joseph Albert, 1936- (Επιμελητής έκδοσης)
Μορφή: Πρακτικό Συνεδρίου Βιβλίο
Γλώσσα:English
Δημοσίευση: Providence, R.I. : American Mathematical Society, c2001
Σειρά:Contemporary mathematics (American Mathematical Society) ; ; 288
Θέματα:
Ετικέτες: Προσθήκη ετικέτας
Δεν υπάρχουν, Καταχωρήστε ετικέτα πρώτοι!

MARC

LEADER 00000cam a2200000 i 4500
001 1/66109
008 041119s2001 eng d
020 |a 0821827502 
035 |l 10075340 
040 |a GR-MY-UA  |b gre  |e aacr 
041 0 |a eng 
082 0 |a 516.362  |2 (21) 
111 2 |a International Congress on Differential Geometry   |d (2000 :   |c Bilbao, Spain) 
245 1 0 |a Global differential geometry :  |b the mathematical legacy of Alfred Gray : International Congress on Differential Geometry September 18-23, 2000, Bilbao, Spain /  |c Marisa Fernandez, Joseph A. Wolf, editors 
260 |a Providence, R.I. :   |b American Mathematical Society,   |c c2001 
300 |a xxx, 457 σ.;  |b εικ.;  |c 26 εκ. 
490 1 |a Contemporary mathematics  |v ; 288 
504 |a Περιέχει βιβλιογραφικές αναφορές 
650 0 0 |a Global differential geometry  |x Congresses. 
700 1 |a Gray, Alfred,   |d 1939-1998. 
700 1 |a Fernandez, Marisa,   |d 1953-  |4 edt 
700 1 |a Wolf, Joseph Albert,   |d 1936-  |4 edt 
830 0 |a Contemporary mathematics (American Mathematical Society) ;  |v ; 288 
852 |a INST  |b SAMOS  |e 20041119  |h 516.362 INT  |p 005300022729  |q 005300022729  |t BK  |y 0 
901 |a BIBL3-2004-3 
909 |a Σ  |b 116377 
922 |a 3ΕΛΗ  |b 200409  |c ΕΠΕΑΕΚ2/ΤΜΗΜΑ ΜΑΘΗΜΑΤΙΚΩΝ  |d ΜΙΧΑΛΟΠΟΥΛΟΣ 
950 |a 116-2004-09-30 
970 |a ΚΟΣΙΕΡΗΣ  |b ΧΡΗΣΤΟΣ  |z 2004/12/10